000 00290nam a2200121Ia 4500
008 190216s9999||||xx |||||||||||||| ||und||
100 _aBhalla V K
245 0 _aMangement Of Financial Services
260 _bAnmol Publications
_c2002
300 _a596p
650 _aEconomics
942 _cBK
999 _c10716
_d10716